• 首页
  • 本馆介绍
  • 公告通知
  • 最新文献
  • 馆藏检索
  • 电子资源
  • 读者导购
  • 参考咨询
  • 我的图书馆
  • 登录
  • 详细信息显示
  • 放入我的书架
  • 预约/预借图书
  • 作者相关作品
  • 分类相关作品
  • 丛书相关作品
  • 出版社相关作品

书目信息

  • 表格格式
  • 工作单格式
  • 卡片格式
题名:
考研日语橙宝书
    
 
作者: 肖博涵 编著
分册:  
出版信息: 北京   世界图书出版有限公司北京分公司  2017.10
页数: 1套
开本: 26cm
丛书名:
单 册:
中图分类: H360.421-44
科图分类:
主题词: 日语--硕士生入学考试--题解
电子资源:
ISBN: 978-7-5192-9609-4
000 01033nam0 2200265 450
001 0100084461
005 20250617163936.47
010    @a978-7-5192-9609-4@dCNY75.00
100    @a20240718e20242017em y0chiy50 ea
101 0  @achi@ajpn
102    @aCN@b110000
105    @ay q 000yy
106    @ar
200 1  @a考研日语橙宝书@9kao yan ri yu cheng bao shu@b专著@e真题讲解及模拟试题@e2025年版@f肖博涵编著
205    @a6版
210    @a北京@c世界图书出版有限公司北京分公司@d2017.10@h2024.05重印
215    @a1套@d26cm
300    @a宵寒日语
330    @a本书汇集最近十年的考研日语真题,配以逐题详解和全文翻译,并提供三套模拟试题及答案。2025年版升级解析,考生可扫码获取语法点思维导图及作文朗读音频,并配实物大小答题卡。同时,提供2005—2014年的真题电子版(含试题、答案及详解、全文翻译),供考生在线使用。
333    @a考研人员
606 0  @a日语@x硕士生入学考试@j题解
690    @aH360.421-44@v5
701  0 @a肖博涵@9xiao bo han@4编著
801  0 @aCN@b人天书店@c20250616
905    @b1624795-6@b216247960@dH360.421-44@e790=6@f2
    
    考研日语橙宝书:真题讲解及模拟试题:2025年版/肖博涵编著.-6版.-北京:世界图书出版有限公司北京分公司,2017.10(2024.05重印)
    1套;26cm
    宵寒日语.-使用对象:考研人员
    
    ISBN 978-7-5192-9609-4:CNY75.00
    本书汇集最近十年的考研日语真题,配以逐题详解和全文翻译,并提供三套模拟试题及答案。2025年版升级解析,考生可扫码获取语法点思维导图及作文朗读音频,并配实物大小答题卡。同时,提供2005—2014年的真题电子版(含试题、答案及详解、全文翻译),供考生在线使用。
●
相关链接 在E读中查询图书 在五车中查询图书 在当当中查询图书 在豆瓣中查询图书


正题名:考研日语橙宝书     索取号:H360.421-44/790=6         预约/预借

序号 登录号 条形码 馆藏地/架位号 状态 备注
1 1624795   216247951   第二样本阅览室/ [索取号:H360.421-44/790=6] 在馆    
2 1624796   216247960   第四借阅区/ [索取号:H360.421-44/790=6] 在馆    
唐山师范学院图书馆 欢迎您!
大连网信软件有限公司© 版权所有